000 00658nam a2200229Ia 4500
003 OSt
005 20221006164405.0
006 a|||||r|||| 00| 0
007 ta
008 221006b |||||||| |||| 00| 0 eng d
024 _a2,196
037 _cTextual
040 _aFML
_cFML
_beng
041 _2eng
_aeng
082 _aNR441wx, N0.3
100 _aRajgopalan N Au.
245 0 _aYet Another Garland
_b Biographical Dictonary of Carnatic Composers and Musicians
260 _aChennai
_bKarnatic Classicals
_c1994
300 _a442
_ccm.
942 _hNR441wx, N0.3
_cTEXL
_2CC
999 _c1117099
_d1117099